000 00813nam a2200229Ii 4500
003 JO-AjNU
008 230605s9999||||xx |||||||||||||| ||und||
017 _a2010/5/1410
020 _a978-9957-19-029-3
040 _aJO-AjNU
_bara
_erda
_cJO-AjNU
041 _aara
050 1 4 _aDS36.88.A845 2010
100 3 _aفضل، صلاح واخرون,
_eauthor
_949584
245 0 0 _aأسئلة الثقافة العربية وحرية التعبير
250 _aط1
264 3 1 _aعمان: بيروت: مؤسسة عبد الحميد شومان؛ المؤسسة العربية للدراسات والنشر،2010
300 _a324ص
336 _atext
_btxt
_2rdacontent
337 _aunmediated
_bn
_2rdamedia
338 _avolume
_bnc
_2rdacarrier
650 4 _aالعالم العربي- الثقافة
_949585
999 _aA21787
_c25355
_d25355